| 000 | 01308nam a2200337 i 4500 | ||
|---|---|---|---|
| 001 | 000010814 | ||
| 003 | DO-SdBNP | ||
| 005 | 20240315194505.0 | ||
| 007 | ta | ||
| 008 | 091012s2006 dr ad 000 0 spa d | ||
| 020 | _a999346726X | ||
| 040 |
_aDO-SdBNP _bspa _cBNPHU _erda |
||
| 082 | 4 |
_a330.97293 _bD473c _222 |
|
| 100 | 1 |
_aDespradel, Carlos _d1942- _eautor _99280 |
|
| 245 | 1 | 0 |
_a40 años de economía dominicana : _bhacia dónde vamos / _cCarlos Despradel. |
| 246 | 1 | 3 | _aCuareta años de economía dominicana |
| 264 |
_aSanto Domingo : _bBúho, _c2006. |
||
| 300 |
_a93 páginas : _bilustraciones, gráficos ; _c23 cm. |
||
| 336 |
_2rdacontent _atexto _btxt |
||
| 337 |
_2rdamedia _asin mediación _bn |
||
| 338 |
_2rdacarrier _avolumen _bnc |
||
| 500 | _aIncluye datos biográficos del autor en la solapa de la contracubierta | ||
| 590 | _aInventariado, 2018/ YL | ||
| 650 | 4 |
_aCrisis financiera _zRepública Dominicana _xHistoria _926123 |
|
| 650 | 4 |
_aBancos _zRepública Dominicana _xHistoria _926124 |
|
| 650 | 4 |
_aPolítica monetária _zRepública Dominicana _xHistoria _926125 |
|
| 651 | 4 |
_aRepública Dominicana _xPolítica Económica _xHistoria _910018 |
|
| 651 | 4 |
_aRepública Dominicana _xCondiciones Económicas _xHistoria _91210 |
|
| 910 | _aValidado. Control de calidad MFF | ||
| 942 |
_2ddc _cLBS1 |
||
| 999 |
_c10563 _d10563 |
||